000 00209nam a22000977a 4500
082 _a823
_bSTI/G
100 _aSTINE, A L
245 _aGOOSEBUMPS INVASION OF BODY SQUEEZER
650 _aENGLISH STORY
942 _cBK
999 _c7681
_d7681